<?xml version="1.0" encoding="UTF-8"?><?xml-stylesheet type="text/xsl" href="static/style.xsl"?><OAI-PMH xmlns="http://www.openarchives.org/OAI/2.0/" xmlns:xsi="http://www.w3.org/2001/XMLSchema-instance" xsi:schemaLocation="http://www.openarchives.org/OAI/2.0/ http://www.openarchives.org/OAI/2.0/OAI-PMH.xsd"><responseDate>2026-04-14T02:52:25Z</responseDate><request verb="GetRecord" identifier="oai:www.recercat.cat:10459.1/57023" metadataPrefix="marc">https://recercat.cat/oai/request</request><GetRecord><record><header><identifier>oai:recercat.cat:10459.1/57023</identifier><datestamp>2024-12-05T21:35:49Z</datestamp><setSpec>com_2072_3622</setSpec><setSpec>col_2072_479130</setSpec></header><metadata><record xmlns="http://www.loc.gov/MARC21/slim" xmlns:dcterms="http://purl.org/dc/terms/" xmlns:xsi="http://www.w3.org/2001/XMLSchema-instance" xmlns:doc="http://www.lyncode.com/xoai" xsi:schemaLocation="http://www.loc.gov/MARC21/slim http://www.loc.gov/standards/marcxml/schema/MARC21slim.xsd">
   <leader>00925njm 22002777a 4500</leader>
   <datafield ind2=" " ind1=" " tag="042">
      <subfield code="a">dc</subfield>
   </datafield>
   <datafield ind2=" " ind1=" " tag="720">
      <subfield code="a">Tamarit Sumalla, Josep M. (Josep Maria)</subfield>
      <subfield code="e">author</subfield>
   </datafield>
   <datafield ind2=" " ind1=" " tag="260">
      <subfield code="c">2016-05-12T16:06:18Z</subfield>
   </datafield>
   <datafield ind2=" " ind1=" " tag="260">
      <subfield code="c">2016-05-12T16:06:18Z</subfield>
   </datafield>
   <datafield ind2=" " ind1=" " tag="260">
      <subfield code="c">2016</subfield>
   </datafield>
   <datafield ind2=" " ind1=" " tag="520">
      <subfield code="a">Catalunya té atribuïda per l’Estatut d’autonomia la competència executiva en matèria penitenciària. Aquest fet, singular a l’Estat espanyol i amb pocs exemples anàlegs en altres països, ha plantejat, des del punt de vista jurídic, el problema de delimitar l’abast de la competència en relació amb la competència exclusiva de l’Estat sobre la legislació penal, processal i penitenciària. D’altra banda, aquesta singularitat esperona l’anàlisi de la relació que pot tenir amb les diferències reals entre el sistema penitenciari català i el de les presons espanyoles administrades per l’Estat, de les quals és una mostra la&#xd;
menor població penitenciària a Catalunya. Com a conclusió, l’estudi mostra que aquesta diferència no pot atribuir-se essencialment a una singularitat en l’exercici de la competència penitenciària, i que les dades oficials existents no permeten provar fins a quin punt els diversos actors del sistema penal podrien estar reflectint actituds menys punitives de la societat catalana respecte a l’espanyola.</subfield>
   </datafield>
   <datafield ind2=" " ind1=" " tag="520">
      <subfield code="a">Cataluña tiene atribuida por el Estatuto de autonomía la competencia ejecutiva en materia penitenciaria. Este hecho, singular en todo el Estado español y con pocos ejemplos análogos en otros países, ha planteado, desde el punto jurídico, el problema de delimitar la competencia en relación con la competencia exclusiva del Estado sobre la legislación penal, procesal y penitenciaria. Por otra parte, esta singularidad incita al análisis de su posible relación con las diferencias reales entre el sistema penitenciario catalán y el de las prisiones españolas administradas por el Estado, una muestra de las&#xd;
cuales es la menor población penitenciaria en Cataluña. Como conclusión, el estudio muestra que esta diferencia no puede atribuirse esencialmente a una singularidad en el ejercicio de la competencia penitenciaria, y que los datos oficiales existentes no permiten probar hasta qué punto los diversos actores del sistema penal podrían estar reflejando actitudes menos punitivas de la sociedad catalana respecto de la española.</subfield>
   </datafield>
   <datafield ind1="8" ind2=" " tag="024">
      <subfield code="a">http://hdl.handle.net/10459.1/57023</subfield>
   </datafield>
   <datafield tag="653" ind2=" " ind1=" ">
      <subfield code="a">Execució penal</subfield>
   </datafield>
   <datafield tag="653" ind2=" " ind1=" ">
      <subfield code="a">Dret penitenciari</subfield>
   </datafield>
   <datafield tag="653" ind2=" " ind1=" ">
      <subfield code="a">Presons -- Catalunya</subfield>
   </datafield>
   <datafield tag="653" ind2=" " ind1=" ">
      <subfield code="a">Dret penitenciari -- Catalunya</subfield>
   </datafield>
   <datafield ind2="0" ind1="0" tag="245">
      <subfield code="a">El sistema penitenciari català: fonament i exercici de la competencia</subfield>
   </datafield>
</record></metadata></record></GetRecord></OAI-PMH>